| 000 | 00485nam a22001817a 4500 | ||
|---|---|---|---|
| 003 | NUST - PNEC | ||
| 005 | 20170116181009.0 | ||
| 008 | 150912b xxu||||| |||| 00| 0 eng d | ||
| 020 | _a0030637341 | ||
| 020 | _a4833702061 | ||
| 040 | _cLIBRARY | ||
| 082 | _a005.133 DIL | ||
| 100 |
_99993 _aDillman, Richard W. |
||
| 245 |
_aProblem solving with FORTRAN _cRichard W. Dillman |
||
| 260 | _cc.1985 | ||
| 650 |
_916425 _aProgramming Language _xMIS.Computer Science |
||
| 942 |
_2ddc _cBK |
||
| 999 |
_c66993 _d66993 |
||